书目信息 |
| 题名: |
峰与谷
|
|
| 作者: | 师哲 著 ;师秋朗 整理 | |
| 分册: | ||
| 出版信息: | 北京 红旗出版社 1992 |
|
| 页数: | 256页 | |
| 开本: | 19cm | |
| 丛书名: | ||
| 单 册: | ||
| 中图分类: | K827.7 , D239 , A752 | |
| 科图分类: | ||
| 主题词: | 党史 , 毛泽东--生平事迹 , 毛泽东--传记 | |
| 电子资源: | ||
| ISBN: | 7-80068-300-1 | |
| 000 | 01002nam0 2200337 450 | |
| 001 | 1262751043 | |
| 005 | 20120927172848.25 | |
| 010 | @a7-80068-300-1@dCNY18.00 | |
| 100 | @a19930201d1992 em y0chiy0110 ea | |
| 101 | 0 | @achi |
| 102 | @aCN@b110000 | |
| 105 | @ay z 000yd | |
| 200 | 1 | @a峰与谷@9feng yu gu@e师哲回忆录@f师 哲著@g师秋朗整理 |
| 210 | @a北京@c红旗出版社@d1992 | |
| 215 | @a256页@d19cm | |
| 314 | @a师 哲(1905~ ),陕西韩城人,去过苏联,在毛主席身边工作过18年 | |
| 314 | @a师秋朗,师哲之女 | |
| 600 | 0 | @a师哲@f(1905~1998)@x回忆录 |
| 600 | 0 | @2CT@3S905285@a师哲@f(1905~1998) |
| 601 | 0 | @a中国共产党@x党史@x史料 |
| 601 | 0 | @2CT@3S096238@a中国共产党 |
| 606 | 0 | @a党史 |
| 606 | 0 | @a毛泽东@x生平事迹 |
| 606 | 0 | @a毛泽东@x传记 |
| 690 | @aK827.7@v三版 | |
| 690 | @aD239@v三版 | |
| 690 | @aA752@v4 | |
| 701 | 0 | @a师哲@9shi zhe@f(1905.6~1998.8)@4著 |
| 702 | 0 | @a师秋朗@9shi qiu lang@c(女,@f1924~)@4整理 |
| 801 | 0 | @aCN@b91MARC@c20101222 |
| 905 | @a10447@dA752@eJY22 | |
| 峰与谷:师哲回忆录/师 哲著/师秋朗整理.-北京:红旗出版社,1992 |
| 256页;19cm |
| ISBN 7-80068-300-1:CNY18.00 |
| ● |
| 相关链接 |
|
|
|
|
正题名:峰与谷
索取号:A752/JY22
 
预约/预借
| 序号 | 登录号 | 条形码 | 馆藏地/架位号 | 状态 | 备注 |
| 1 | 7814887 | 278148871 | 学院路分馆/ [索取号:A752/JY22] | 在馆 | |
| 2 | 7814888 | 278148880 | 学院路分馆/ [索取号:A752/JY22] | 在馆 | |
| 3 | 7814889 | 278148899 | 学院路分馆/ [索取号:A752/JY22] | 在馆 | |
| 4 | 7814890 | 278148906 | 学院路分馆/ [索取号:A752/JY22] | 在馆 |